000 00425nam a2200169Ia 4500
008 121212t2011 xxu||||| |||| 00| 0 sin d
041 _asin
080 _aX8S31
_bRAH
100 _aRahubaddha, Sumithra
245 _aඋදානය
246 _aUdanaya
260 _bPlatform For Alternate Culture
_aNugegoda
_c2011
300 _a155p., 18 cm
942 _cBK
999 _c73582
_d73582
003 LK-CoDNM
040 _aLK-CoDNM
_dLK-CoDNM
_eLK-CoDNM